JetPunkers sans voyelles - Statistiques

Statistiques générales
  • Ce quiz a été pris 43 fois
  • Le résultat moyen est 11 sur 20
Statistiques - réponses
Indices Réponses % Correct
RVSSR Ravisseur
86%
BPTSTGRC baptistegorce
74%
HMRSMPSN HomerSimpson
74%
SLS666 Silas666
71%
HNRGL henrigolo
63%
CHP Chapa
60%
MWTHR Mewthree
60%
SRVL Servalo
60%
SLVRDG SilverDog
60%
HSCHT Haschtee
57%
SRDGL34 Serdaigle34
57%
TNFLC333 tenefloco333
57%
PHTX Phytox
54%
PFGR Pifeger
49%
DWRDSNP EdwardSnape
40%
FZWZBZ Fizwizbiz
40%
LB Elboy
37%
GG69 guigui69
37%
VNDM Vanadiuum
37%
GLHMDL guilhemdl
31%
Aucun quiz correspondant
Distribution des résultats
% des personnes avec chaque résultat
Percentile par nombre de réponses
Votre historique - résultats
Vous n’avez pas pris ce quiz